书目信息 |
| 书名: | Piezoelectricity | |
| 作者: | ||
| 分册号: | ||
| 分册名: | 出版地: | New York : |
|
| 出版社: | Dover | |
| 出版时间: | 1964. | |
| 页数: | 806 p. : | |
| 开本: | 22 cm. | |
| 丛书名: | ||
| 中图分类号: | ||
| 科图分类号: | ||
| 其他分类号: | O44 | |
| 主题词: | ||
| 电子资源: | ||
| 000 | 00763nam 2200229 a 4500 | |
| 001 | E0738171658 | |
| 004 | 001192498 | |
| 005 | 20070728104223.93 | |
| 008 | 000 0 eng | |
| 008 | 4001uueng0000000 | |
| 040 | @aCcBjTSG | |
| 090 | @aQC595 @bC12/1964 | |
| 090 | @aO44 | |
| 096 | @aQC595 | |
| 099 | @dO44@ex13 | |
| 100 | 1 | @aCady, Walter G. @q(Walter Guyton), @db. 1874. |
| 245 | 10 | @aPiezoelectricity :@ban introduction to the theory and the applications of electromechanical phenomena in crystals |
| 260 | @aNew York :@bDover,@c1964. | |
| 300 | @a806 p. :@bill., ports. ;@c22 cm. | |
| 504 | @aReferences. | |
| 650 | 0 | @aPyro- and piezo-electricity. @b01 @c20050705 @lNLC09 @h1702 @b40 @c20050728 @lNLC09 @h1516 |
| 852 | 01 | @bWWJC @cJ17N @hQC595 @iC12/1964 |
| Piezoelectricity : : an introduction to the theory and the applications of electromechanical phenomena in crystals.-New York : : Dover, , 1964. |
| 806 p. : : ill., ports. ; ; 22 cm. |
| References. |
| ISBN |
| ● |
| 相关链接 |
|
|
|
|
正题名:Piezoelectricity
索取号:O44/x13
 
预约/预借
| 序号 | 登录号 | 条形码 | 馆藏地/架位号 | 状态 | 备注 |
| 1 | 14110 | 300141102 | 第二样本阅览室/ [索取号:O44/x13] | 在馆 |